000 00751nam a2200217Ii 4500
003 JO-AjNU
008 230605s9999||||xx |||||||||||||| ||und||
017 _a2008/4675
020 _a977-422-095-1
040 _aJO-AjNU
_bara
_erda
_cJO-AjNU
041 _aara
050 1 4 _aHF5415.13 .A2863.2008
100 3 _aابو النجا،محمد عبد العظيم,
_eauthor
_932683
245 0 0 _aالتسويق الالكتروني
264 3 1 _aالاسكندرية:الدار الجامعية؛2008
300 _a402ص
_bيحتوي على ببلوغرافية من ص389-402ص
336 _atext
_btxt
_2rdacontent
337 _aunmediated
_bn
_2rdamedia
338 _avolume
_bnc
_2rdacarrier
650 4 _aالتسويق الالكتروني
_932684
999 _aA13223
_c16791
_d16791